1799 1078 1799 1281 1919 1070 1749 1336 1148 1388 1385 1406 1747 1965 1991 1651 1946 1846 1978 1419 1233 1493 1634 1144 1003 1357 1749 1176 1311 1565 1962 1090 1946 1652 1063 1820 1561 1279 1141 1977 1956 1533 1098 1198 1850 1711 1981 1719 1738 1850 1443 1097 1982 1198 1800 1267 1510 1458 1510 1018 1421 1171 1531 1327 1261 1069 1846 1709 1544 1949 1082 1099 1016 1201 1214 1886 1950 1035 1948 1749 1539 1914 1986 1211 1529 1874 1376 1204 1530 1919 1626 1379 1861 1055 1777 1018 1621 1701 1554 BCNSPRNW ULIB Ver.6.0+V

เปลี่ยนเป็นภาษาไทย

Change to English
 แสดงรายละเอียดบรรณานุกรม
  กลับหน้าหลัก

Brief Record : Get Marc (ISO 2709) : E-mail record : QR code < ปิดหน้าต่าง
LEADER : 00000nam 2200000uu 4500
001    13399129017
003     ULIB
008    250515s2567||||th 000 0 tha d
020    ^a9786169321330
060  4 ^aWY150^bภ927น
100 0  ^aภัทรารัตน์ ตันนุกิจ, สุวดี สุขีนิตย์, จิราพร เชาว์โพธิ์ทอง,^eบรรณาธิการ.
245 0   ^aแนวทางการพยาบาลผู้ป่วยได้รับสารน้ำทางหลอดเลือดดำ^c/ กองบรรณาธิการ, ภัทรารัตน์ ตันนุกิจ, สุวดี สุขีนิตย์, จิราพร เชาว์โพธิ์ทอง.
260    ^aaกรุงเทพฯ :^bสมาคมเครือข่ายพยาบาลผู้ให้สารน้ำทางหลอดเลือดดำ,^c2567.
300    ^aa148 หน้า :^bภาพประกอบ.
505 0  ^aมาตรฐานของแนวทางการพยาบาลผู้ป่วยได้รับสารน้ำทางหลอดเลือดดำ -- การให้ความรู้แก่ผู้ป่วย/ญาติ/ผู้ดูแลผู้ป่วยที่ได้รับสารน้ำ/ยา/เลือดและส่วนประกอบของเลือด -- การบันทึกทางการพยาบาล -- การเลือกตำแหน่งในการให้สารน้ำ/ยา/เลือดและส่วนประกอบของเลือดและการแทงสายสวนหลอดเลือดดำ -- การดูแลบริเวณตำแหน่งที่ให้สารน้ำ/ยา/เลือดและส่วนประกอบของเลือด -- การจัดการอุปกรณ์ที่เกี่ยวข้องกับการให้สารน้ำทางหลอดเลือดดำ -- การล้างและหล่อสายสวนหลอดเลือดดำ -- การป้องกันและควบคุมการติดเชื้อจากการให้สารน้ำ/ยา/เลือดและส่วนประกอบของเลือด -- ภาวะแทรกซ้อนจากการให้สารน้ำทางหลอดเลือดดำ -- การบริหารยาหลายรายการพร้อมกันทางหลอดเลือดดำ -- การให้เลือดและส่วนประกอบของเลือด -- การให้สารอาหารทางหลอดเลือดดำ -- การจัดการกรณีผู้ป่วยหาเส้นเลือดยาก -- การพยาบาลผู้ป่วยใส่สายสวนหลอดเลือดดำส่วนกลาง.
650  4 ^aการให้สารละลายทางหลอดเลือดดำ^xการพยาบาล
700 0  ^aจิราพร เชาว์โพธิ์ทอง
700 0  ^aภัทรารัตน์ ตันนุกิจ
700 0  ^aสุวดี สุขีนิตย์
710 2  ^aสมาคมเครือข่ายพยาบาลผู้ให้สารน้ำทางหลอดเลือดดำ
945    ^p600^l0^i011447
999    ^aประนอม เกษจรัล
รายการนี้ยังไม่มีแท็ก
คุณยังไม่ได้ล็อกอิน คุณสามารถมีกิจกรรมร่วมกับเว็บไซต์ได้ แต่ต้องล็อกอินก่อน ::
  ล็อกอิน

รายการสื่อสารสนเทศ

ลำดับที่ ประเภท เลขเรียก/บาร์โค้ด สถานที่ สถานะ
1. Book การพยาบาล
หนังสือสำรอง
สถานะ=หนังสือสำรอง
WY150 ภ927น ฉ.1 
  Barcode: 011447
ห้องสมุดวิทยาเขตสวรรค์ประชารักษ์
►หนังสือทั่วไป
บนชั้น

BibComment


ยังไม่เคยถูกคอมเมนท์

คอมเมนท์ทรัพยากรรายการนี้
  คอมเมนท์: แนวทางการพยาบาล..


 Copyright 2026. Bcnsprnw @Library